Confusable Countries: Cardinal Directions Quiz Stats

Quiz Updated Apr 14, 2016

Also try: Which Is Larger?
Challenge
Share
Tweet
Embed
Score 0/20 Timer 04:00
4 Plays Today
Country Pair A or B % Correct
More SOUTHERN?
(A) Slovakia (B) Slovenia
???
81.9%
More NORTHERN?
(A) Vatican City (B) San Marino
???
79.5%
More SOUTHERN?
(A) Lithuania (B) Latvia
???
79.4%
More SOUTHERN?
(A) Nigeria (B) Niger
???
76.4%
More EASTERN?
(A) Iran (B) Iraq
???
76.3%
More EASTERN?
(A) Uruguay (B) Paraguay
???
76.1%
More WESTERN?
(A) Nepal (B) Bhutan
???
76.1%
More WESTERN?
(A) Yemen (B) Oman
???
75.9%
More NORTHERN?
(A) Zambia (B) Zimbabwe
???
74.7%
More WESTERN?
(A) Dominican Republic (B) Haiti
???
72.2%
Country Pair A or B % Correct
More EASTERN?
(A) Lesotho (B) Swaziland
???
72.1%
More SOUTHERN?
(A) Macedonia (B) Montenegro
???
71.6%
More SOUTHERN?
(A) Rwanda (B) Burundi
???
69.1%
More EASTERN?
(A) Guyana (B) Suriname
???
68.7%
More NORTHERN?
(A) Nicaragua (B) Honduras
???
67%
More NORTHERN?
(A) St. Kitts & Nevis (B) St. Vincent & the Grenadines
???
66.8%
More NORTHERN?
(A) Solomon Islands (B) Marshall Islands
???
62.3%
More WESTERN?
(A) Seychelles (B) Comoros
???
61.3%
More WESTERN?
(A) Dem. Rep. of the Congo (B) Rep. of the Congo
???
61.1%
More EASTERN?
(A) Benin (B) Togo
???
59%

You're not logged in!

Compare scores with friends on all Sporcle quizzes.
Sign Up with Email
OR
Log In

You Might Also Like...

Show Comments

Extras

Top Quizzes Today


Score Distribution

Your Account Isn't Verified!

In order to create a playlist on Sporcle, you need to verify the email address you used during registration. Go to your Sporcle Settings to finish the process.